000 00420pam a2200157 a 4500
020 _a0070591695 :
040 _cDLC
082 0 0 _a620 MCG 1990 A037 Or.
100 1 _aSmith, William F.
245 1 0 _aPrinciples of materials science and engineering /
250 _a2nd ed.
260 _aNew York :
_bMcGraw-Hill,
_cc1990.
300 _axiii, 864 p. :
_bill. (some col.) ;
_c25 cm.
650 0 _aMaterials.
942 _cEK
999 _c11503
_d11503